| 000 | 00397cam a2200157ua 4500 | ||
|---|---|---|---|
| 041 |
_aeng _h |
||
| 082 |
_a531 _bNEL/ME |
||
| 100 | _aNelkon, M . | ||
| 245 |
_aMechanics and properties of matter / _cM Nelkon. _hTextual Documents |
||
| 250 |
_a3 / _b. |
||
| 260 |
_aLondon : _bHeinemann Educational Books Ltd. , _c1963. |
||
| 300 | _a215 ; . | ||
| 504 | _a | ||
| 942 | _cBK | ||
| 999 |
_c8536 _d8536 |
||